00273nam a2200121Ia 4500008004100000100000900041245005000050260000900100300000800109650001000117942000700127999001700134190216s9999||||xx |||||||||||||| ||und|| aNull 0aHindi-Bagarpar Bharathiy Samskrithi Aur Hindi bNull a159 aHindi cBK c15948d15948